Dakar Rally - Countries tours - Statistics

General Stats
  • This quiz has been taken 194 times
    134 since last reset
  • The average score is 22 of 30
Answer Stats
Country Times % Correct
Senegal 27
96%
France 21
93%
Egypt 2
90%
Morocco 12
90%
Spain 12
90%
Algeria 10
89%
Mali 22
89%
Niger 14
85%
Argentina 10
82%
Mauritania 20
82%
Chad 2
81%
Chile 7
81%
Portugal 2
81%
Saudi Arabia 5
81%
Tunisia 2
81%
Peru 4
79%
Bolivia 5
77%
Libya 6
76%
Guinea 6
74%
Republic of the Congo 1
70%
South Africa 1
63%
Burkina Faso 7
62%
Paraguay 1
62%
Angola 1
60%
Cameroon 1
60%
Ivory Coast 3
59%
Namibia 1
56%
Central African Republic 1
52%
Gabon 1
48%
Sierra Leone 1
48%
No matching quizzes found
Score Distribution
Percent of People with Each Score
Percentile by Number Answered
Your Score History
You have not taken this quiz since the last reset